000 00619nam a22002177a 4500
003 SEM
999 _c72179
_d72179
005 20220608074944.0
008 220201s2000 us ||||gr|||||00| 0 eng|d
020 _a0570042658
040 _aSEM
_cSEM
041 _aeng
080 _a809.245/B-27
100 _aBartelt A. H.
245 _aFundamental Biblical Hebrew /
_cA. H. Bartelt
260 _aSaint Louis :
_bConcordia Academic Press,
_c2000.
300 _aXII+276 p. ;
_btables;
_c26 cm
504 _aAppen. p.: 235-257; Glossary p.: 258-265; Bibliogr. p.: 266; Index p.: 267-276
650 _aHebrew
653 _aՍԷՄ
942 _2udc
_cBK